| Tag |
First Indicator |
Second Indicator |
Subfields |
| LEADER |
00000cam a2200000 a 4500 |
| 001 |
in00000028259 |
| 005 |
20151007060038.0 |
| 008 |
870501s1986 ii a b f10010 eng |
| 010 |
|
|
|a 87900876
|
| 020 |
|
|
|a 818501907X :
|c Rs250.00
|
| 025 |
|
|
|a I E 54171
|
| 035 |
|
|
|a (OCoLC)16521439
|
| 035 |
|
|
|9 AAB9956AM
|
| 040 |
|
|
|a DLC
|c DLC
|d TXA
|d UtOrBLW
|
| 043 |
|
|
|a a-ii---
|
| 049 |
|
|
|a TXAM
|c [A11535269]
|
| 050 |
0 |
0 |
|a S494.5.A45
|b S28 1984
|
| 082 |
0 |
|
|a 634.9
|2 19
|
| 111 |
2 |
|
|a Satellite Seminar on "Agroforestry Systems--a New Challenge"
|d (1984 :
|c Birla Institute of Technology)
|
| 245 |
1 |
0 |
|a Agroforestry systems, a new challenge /
|c editors, P.K. Khosla, Sunil Puri ; assistant editor, D.K. Khurana.
|
| 264 |
|
1 |
|a Solan :
|b Indian Society of Tree Scientists ;
|c [1986]
|
| 264 |
|
2 |
|a Dehra Dun, U.P. :
|b Distributors, Natraj Publishers,
|
| 264 |
|
4 |
|c ©1986
|
| 300 |
|
|
|a ix, 286 pages :
|b illustrations ;
|c 25 cm.
|
| 336 |
|
|
|a text
|b txt
|2 rdacontent
|
| 337 |
|
|
|a unmediated
|b n
|2 rdamedia
|
| 338 |
|
|
|a volume
|b nc
|2 rdacarrier
|
| 520 |
|
|
|a Proceedings of the Satellite Seminar on Agroforestry--a New Challenge organized at the Birla Institute of Technology, Ranchi, on Jan. 2, 1984, and sponsored by the Indian Council of Agricultural Research and Department of Science and Technology, Government of India.
|
| 504 |
|
|
|a Includes bibliographies.
|
| 650 |
|
0 |
|a Agroforestry
|z India
|x Congresses.
|
| 650 |
|
0 |
|a Agroforestry
|x Congresses.
|
| 700 |
1 |
|
|a Khosla, P. K.,
|d 1940-
|
| 700 |
1 |
|
|a Puri, Sunil.
|
| 700 |
1 |
|
|a Khurana, D. K.
|
| 710 |
2 |
|
|a Indian Council of Agricultural Research.
|
| 710 |
1 |
|
|a India.
|b Department of Science and Technology.
|
| 710 |
2 |
|
|a Indian Society of Tree Scientists.
|
| 999 |
|
|
|a MARS
|
| 999 |
f |
f |
|s 528dafb6-915b-3380-953f-a5831a834e8b
|i 34e2214b-842f-30cc-94eb-34f4fd182816
|t 0
|
| 952 |
f |
f |
|p ric
|a Texas A&M University
|b Rellis Campus
|c Joint Library Facility
|d Remote Storage
|t 0
|e S494.5.A45 S28 1984
|h Library of Congress classification
|i unmediated -- volume
|m A14811535269
|
| 998 |
f |
f |
|a S494.5.A45 S28 1984
|t 0
|l Remote Storage
|